02498cam a22003617a 450000100090000000300040000900500170001300800410003001000170007102000210008802000240010903500130013303500210014604000310016704200140019805000210021210000230023324501240025625000120038026000390039226400090043130000550044033600260049533700280052133800330054950000600058250000300064250400640067250512650073665000310200170000280203285600760206015104636OSt20260428165921.0071206s2007 enka b 001 0 eng  a 2006910401 a0500286507qpbk. a9780500286500qpbk. a15104636 a(OCoLC)173189719 aZQCcFoundation University alccopycat00aN6450b.E37 20071 aEisenman, Stephen.10aNineteenth century art :ba critical history /cStephen F. Eisenman ; [with contributions by] Thomas Crow ... [et al.]. a3rd ed. aLondon :bThames & Hudson,cc2007. 42007 a484 p. :bill. (some col.) ;c28 cm.3Booksfbooks atextbtxt2rdacontent aunmediatedbn2rdamedia avolumebnc2rdacarrier3book aFirst published in New York in 1994 by Thames & Hudson. a"College edition"--Cover. aIncludes bibliographical references (p. 469-472) and index.00aIntroduction. Critical art and history -- Classicism and Romanticism. Patriotism and virtue : David to the young Ingres ; Classicism in crisis : Gros to Delacroix / Thomas Crow -- Tensions of enlightenment : Goya -- Visionary history painting : Blake and his contemporaries ; Nature and history in English romantic landscape painting ; Landscape art and romantic nationalism in Germany and America ; Architecture unshackled, 1790-1851 / Brian Lukacher -- New World Frontiers. Old world, new world : the encounter of cultures on the American frontier ; Black and white in America / Francis K. Pohl -- Realism and Naturalism. The generation of 1830 and the crisis in the public sphere -- The rhetoric of realism : Courbet and the origins of the avant-garde -- Photography, modernity, and art / David Llewellyn -- The decline of history painting : Germany, Italy, and France -- Modern art and life. Architecture and design in the age of industry -- Manet and the Impressionists -- Issues of gender in Cassatt and Eakins / Linda Nochlin -- Mass culture and Utopia : Seurat and Neoimpressionism -- The appeal of modern art : Toulouse-Lautrec -- Abstraction and populism : Van Gogh -- Symbolism and the dialectics of retreat --The failure and success of Cézanne. 0aArt, Moderny19th century.1 aCrow, Thomas E.,d1948-413Table of contentsuhttp://www.loc.gov/catdir/toc/fy0802/2006910401.html